El desarrollo de estrategias de aprendizaje para la post-alfabetización y la educación continuada en Jamaica / (Record no. 130028)

MARC details
000 -CABECERA
campo de control de longitud fija 00792nam a2200217 a 4500
005 - FECHA Y HORA DE LA ÚLTIMA TRANSACCIÓN
campo de control 20240920063727.0
008 - ELEMENTOS DE LONGITUD FIJA--INFORMACIÓN GENERAL
campo de control de longitud fija 080722s1984 mx r 000 0 spa d
020 ## - NÚMERO INTERNACIONAL NORMALIZADO PARA LIBROS
Número Internacional Estándar del Libro 928203044X
035 ## - NÚMERO DE CONTROL DEL SISTEMA
Número de control de sistema UPN01000157914
049 ## - COLECCIÓN
Colección UNE
080 14 - NÚMERO DE CLASIFICACIÓN DECIMAL UNIVERSAL
Número de la Clasificación Decimal Universal 374.1 (729.2) MOU.
100 1# - ASIENTO PRINCIPAL--NOMBRE PERSONAL
Nombre de persona Moulton-Campbell, Miriam
245 13 - MENCIÓN DE TÍTULO
Título El desarrollo de estrategias de aprendizaje para la post-alfabetización y la educación continuada en Jamaica /
Mención de responsabilidad, etc. por Miriam Moulton-Campbell.
260 ## - PUBLICACIÓN, DISTRIBUCIÓN, ETC.
Lugar de publicación, distribución, etc. Hamburgo :
Nombre del editor, distribuidor, etc. Instituto de la UNESCO para la Educación,
Fecha de publicación, distribución, etc. 1984.
300 ## - DESCRIPCIÓN FÍSICA
Extensión xi, 55 p. :
Otras características físicas fots.
440 #0 - MENCIÓN DE SERIE/ASIENTO SECUNDARIO--TÍTULO
Título Estudios del IUE sobre la post-alfabetización y la educación
690 ## - PUNTO DE ACCESO ADICIONAL DE MATERIA LOCAL--TÉRMINO DE MATERIA (OCLC, RLIN)
Término de materia o nombre geográfico como elemento inicial Educación permanente
9 (RLIN) 7280
690 ## - PUNTO DE ACCESO ADICIONAL DE MATERIA LOCAL--TÉRMINO DE MATERIA (OCLC, RLIN)
Término de materia o nombre geográfico como elemento inicial Jamaica
710 2# - ASIENTO SECUNDARIO - NOMBRE CORPORATIVO
Nombre de entidad corporativa o nombre de jurisdicción como elemento de entrada UNESCO.
Unidad subordinada Institute for Education Hamburg
905 ## - TIPO DE MATERIAL
Tipo de material UNESCO
Holdings
Estado de retiro Estado de pérdida Fuente del sistema de clasificación o colocación Estado dañado No para préstamo Código de colección Localización permanente Ubicación/localización actual Ubicación en estantería Fecha de adquisición Clasificación Código de barras Fecha visto por última vez Número de copia Tipo de ítem Koha
    Library of Congress Classification   Disponible (Préstamo en sala) UNESCO Bib. Gregorio Torres Quintero Bib. Gregorio Torres Quintero Colecciones especiales Planta alta 03/02/2023 374.1 (729.2) MOU U7833 31/12/2020 1 Libro
    Library of Congress Classification   Disponible (Préstamo en sala) UNESCO Bib. Gregorio Torres Quintero Bib. Gregorio Torres Quintero Colecciones especiales Planta alta 03/02/2023 374.1 (729.2) MOU U7841 31/12/2020 1 Libro